Col·lecció diplomàtica de Sant Pere d'Àger fins 1198 / edició i estudi a cura de: Ramon Chesé Lapeña Ramon Chesé Lapeña
ISBN:
978-84-9975-117-7
Descripción Física:
2 v. (1159 p.) ; 24 cm
Colección:
Diplomataris ; 60 i 61
MARC
| LEADER | 00000nam a2200000Ia 4500 | ||
|---|---|---|---|
| 001 | 23246, 23247 | ||
| 003 | BGR | ||
| 005 | 20260324180114.0 | ||
| 008 | 160829s2011 xx 000 0 cat d | ||
| 020 | |a 978-84-9975-117-7 (o.c.), 978-84-9975-118-4 (v.1), 978-84-9975-119-1 (v.2) | ||
| 080 | |a A-3-17, A-3-18 | ||
| 245 | |a Col·lecció diplomàtica de Sant Pere d'Àger fins 1198 / edició i estudi a cura de: |b Ramon Chesé Lapeña | ||
| 260 | |a Barcelona : |b Fundació Noguera ; Lleida : |b Pagès Editors, |c 2011 | ||
| 300 | |a 2 v. (1159 p.) ; |c 24 cm | ||
| 490 | |a Diplomataris ; 60 i 61 | ||
| 590 | |a Bibliografia | ||
| 650 | |a Col·legiata de Sant Pere d'Àger |x Història |x Fonts |9 46500 | ||
| 650 | |a Diplomàtica |x Col·legiata de Sant Pere d'Àger |x Història |x S. XII |9 46502 | ||
| 651 | 0 | |9 70104 |a Àger (Lleida) |x Història |x Fonts |y S. XII | |
| 700 | |a Chesé Lapeña, Ramón, ed. |9 46503 | ||
| 700 | |a Fundació Noguera |9 70407 | ||
| 901 | |a Arxiu | ||
| 942 | |n 1 |2 udc |c MON | ||
| 952 | |0 0 |1 0 |4 0 |6 A317_A318 |7 1 |9 53252 |a Arxiu |b Arxiu |d 2011-09-09 |l 0 |o A-3-17, A-3-18 |p 23246, 23247 |r 2016-12-01 00:00:00 |w 2016-12-01 |y ARXIU | ||
| 999 | |c 57116 |d 57116 | ||